<?xml version="1.0" encoding="UTF-8"?>
<collection xmlns="http://www.loc.gov/MARC21/slim">
 <record>
  <leader>00432pamaa2200133   4500</leader>
  <controlfield tag="001">0000025072</controlfield>
  <controlfield tag="005">20090211090000.0</controlfield>
  <datafield tag="020" ind1="0" ind2="0">
   <subfield code="a">[nil] </subfield>
  </datafield>
  <datafield tag="090" ind1="0" ind2="0">
   <subfield code="a">E178.1 </subfield>
   <subfield code="b">AME</subfield>
  </datafield>
  <datafield tag="240" ind1="2" ind2="0">
   <subfield code="a">American history: the American people in world war 2</subfield>
  </datafield>
  <datafield tag="245" ind1="1" ind2="0">
   <subfield code="a">American history : </subfield>
   <subfield code="b">the United States becomes world power [</subfield>
   <subfield code="m">videorecording].</subfield>
  </datafield>
  <datafield tag="300" ind1=" " ind2=" ">
   <subfield code="a">1 videocassette (180 min); </subfield>
   <subfield code="c">col.</subfield>
  </datafield>
  <datafield tag="650" ind1="0" ind2="0">
   <subfield code="a">History -- </subfield>
   <subfield code="z">United States </subfield>
  </datafield>
  <datafield tag="651" ind1="0" ind2="0">
   <subfield code="a">United States -- </subfield>
   <subfield code="x">History </subfield>
  </datafield>
 </record>
</collection>
